Municípios da Região Geográfica Imediata de Princesa Isabel - Statistics

Estatísticas Gerais
  • Esse quiz foi jogado 17 vezes
  • A pontuação média é 3 de 5
Respostas no mapa
Respostas codificadas por cores de uma escala verde-vermelha no mapa do quiz de acordo com a % correta abaixo.
 
Estatísticas das Respostas
Município % Correto
Princesa Isabel
100%
Manaíra
62%
São José de Princesa
62%
Juru
54%
Tavares
46%
Nenhum quiz correspondente encontrado
Distribuição das Pontuações
Porcentagem de Pessoas com Cada Pontuação
Percentil de Números Respondidos
Sua Pontuação Histórica
Você não jogou esse quiz